Top 100 Girls Names in the US in the 2000's - Statistics

General Stats
  • This quiz has been taken 4,340 times
  • The average score is 48 of 100
Answer Stats
Hint Answer % Correct
E Emily
94%
E Emma
91%
O Olivia
90%
S Sara
86%
S Sarah
86%
H Hannah
85%
I Isabel
84%
A Anna
80%
E Elizabeth
80%
M Madeline
79%
J Jessica
77%
I Isabella
74%
J Jennifer
72%
M Mary
72%
V Victoria
72%
A Ava
70%
G Grace
70%
S Sophia
70%
M Madison
68%
R Rachel
66%
S Samantha
66%
E Ella
65%
J Julia
65%
M Maria
65%
M Mia
65%
A Abigail
64%
C Chloe
64%
A Ashley
63%
K Katherine
63%
L Lauren
63%
A Amelia
62%
N Natalie
62%
L Lily
61%
Z Zoe
61%
A Amanda
59%
A Alexa
58%
N Nicole
58%
R Rebecca
57%
K Kaylee
55%
T Taylor
54%
H Hailey
52%
M Megan
52%
A Alexandra
50%
S Stephanie
50%
E Erin
49%
M Michelle
49%
A Alexis
48%
E Evelyn
48%
D Danielle
47%
M Molly
47%
A Amber
46%
B Brianna
44%
V Vanessa
44%
A Alyssa
43%
A Avery
43%
A Addison
42%
C Caroline
42%
K Kimberly
42%
J Jasmine
41%
K Kayla
40%
K Kylie
39%
L Leah
39%
A Allison
38%
A Ariana
38%
A Arianna
38%
M Maya
37%
A Audrey
36%
C Claire
36%
A Andrea
35%
F Faith
35%
G Gabriella
35%
G Gabrielle
35%
J Jenna
34%
M Melanie
34%
B Brooke
32%
M Mackenzie
32%
M Morgan
32%
J Jordan
31%
R Riley
31%
S Savannah
30%
P Paige
28%
B Bailey
27%
B Brooklyn
26%
A Angelina
25%
L Lillian
23%
M Makayla
23%
S Sierra
22%
A Autumn
21%
D Destiny
21%
H Haley
21%
S Sofia
21%
S Sydney
21%
K Kaitlyn
20%
J Jada
18%
K Katelyn
18%
A Aaliyah
17%
J Jocelyn
16%
M Mariah
16%
T Trinity
14%
N Nevaeh
13%
No matching quizzes found
Score Distribution
Percent of People with Each Score
Percentile by Number Answered
Your Score History
You have not taken this quiz